Indikátor nerovnosť rozdelenia príjmov pre krajiny EU 15, meranie a analýza bakalárska práca

Saved in:
Bibliographic Details
Main Author: Štálnik, Adam
Corporate Author: Fakulta hospodárskej informatiky EU. Katedra štatistiky
Other Authors: Gavuliak, Roman
Format: Book
Language:Slovak
Published: Bratislava 2011
Tags: Add Tag
No Tags, Be the first to tag this record!

MARC

LEADER 00000nbm a2200000 4500
001 0141155
005 20170307145153.4
041 0 |a slo 
044 |a SK 
245 1 0 |a Indikátor nerovnosť rozdelenia príjmov pre krajiny EU 15, meranie a analýza  |b bakalárska práca  |c Adam Štálnik ; školiteľ: Roman Gavuliak 
264 1 |a Bratislava  |c 2011 
300 |a 49 s. 
100 1 |a Štálnik, Adam 
700 1 |a Gavuliak, Roman 
710 2 |a Fakulta hospodárskej informatiky EU. Katedra štatistiky